000 00753nam a2200217Ii 4500
003 JO-AjNU
008 230605s9999||||xx |||||||||||||| ||und||
017 _a2005/4728
020 _a99901-06-51-7
040 _aJO-AjNU
_bara
_erda
_cJO-AjNU
041 _aara
050 1 4 _aK155.A7.K38.2013
100 3 _aتأليف خاطر، صبري ؛ م.مشارك أحمد هيكل,
_eauthor
_952980
245 0 0 _aتاريخ القانون 
264 3 1 _aالبحرين : جامعة البحرين ، 2013
300 _a275ص
_bيشتمل على مراجع ببلوغرافية ص (263-270)
336 _atext
_btxt
_2rdacontent
337 _aunmediated
_bn
_2rdamedia
338 _avolume
_bnc
_2rdacarrier
650 4 _aالقانون -- تاريخ
_952981
999 _aA23501
_c27069
_d27069